Ο καθηγητής

Αποθηκεύτηκε σε:
Λεπτομέρειες βιβλιογραφικής εγγραφής
Κύριος συγγραφέας: Bronte, Charlotte, 1816-1855
Άλλοι συγγραφείς: Λαϊνά, Μαρία, 1947- (trlf)
Μορφή: Βιβλίο
Γλώσσα:Greek
French
Δημοσίευση: Αθήνα : Σμίλη, c2005.
Σειρά:Κλασική λογοτεχνία ; 10
Θέματα:
Ετικέτες: Προσθήκη ετικέτας
Δεν υπάρχουν, Καταχωρήστε ετικέτα πρώτοι!

MARC

LEADER 00000cam a2200000 a 4500
001 1/124055
008 211207s2005####gr | ||| |||| ||gre||
020 |a 9607793544 
040 |a GR-MyUa  |b gre  |c GR-MyUa  |e AACR2 
041 1 |a gre  |h fre 
082 7 |a 823   |2 (23) 
100 1 |a Bronte, Charlotte,   |d 1816-1855. 
245 1 0 |a Ο καθηγητής /   |c Σαρλότ Μπροντέ ; μετάφραση Μαρία Λαϊνά.  
260 |a Αθήνα :   |b Σμίλη,   |c c2005.  
300 |a 365 σ. ;   |c 21 εκ.  
490 1 |a (Κλασική λογοτεχνία ;   |v 10) 
500 |a Τίτλος πρωτοτύπου: The professor.  
650 0 |a English fiction  |y 19th century. 
700 1 |a Λαϊνά, Μαρία,   |d 1947-  |e trlf 
830 0 |a Κλασική λογοτεχνία ;  |v  10 
852 |a INST  |b LESVOS  |e 20211207  |h 823 BRO  |p 005100063772  |q 005100063772  |t BK  |y 0 
970 |a Καμάτσου  |b Δέσποινα  |z 07-12-2021